000
00335 a2200157 4500
001
147237
040
_c
Escola São Tomás de Aquino
100
_a
ZIRALDO
240
1
0
_a
Os dez amigos
_l
por
245
1
0
_a
Os dez amigos
300
_a
25
362
0
_a
1986
440
1
_a
Melhoramentos
697
_a
*LITERATURA INFANTO
942
_c
BK
999
_c
147237
_d
147237